<?xml version="1.0" encoding="UTF-8"?>
<record
    xmlns:xsi="http://www.w3.org/2001/XMLSchema-instance"
    xsi:schemaLocation="http://www.loc.gov/MARC21/slim http://www.loc.gov/standards/marcxml/schema/MARC21slim.xsd"
    xmlns="http://www.loc.gov/MARC21/slim">

  <leader>02422cam a22002775a 4500</leader>
  <controlfield tag="001">15413838</controlfield>
  <controlfield tag="005">20201128024116.0</controlfield>
  <controlfield tag="008">080815t2009    nyua   frb    001 0 eng d</controlfield>
  <datafield tag="020" ind1=" " ind2=" ">
    <subfield code="a">9780387718163</subfield>
  </datafield>
  <datafield tag="020" ind1=" " ind2=" ">
    <subfield code="a">0387718168</subfield>
  </datafield>
  <datafield tag="040" ind1=" " ind2=" ">
    <subfield code="a">UKM</subfield>
    <subfield code="b">eng</subfield>
    <subfield code="c">UKM</subfield>
    <subfield code="d">HEBIS</subfield>
    <subfield code="d">CDN</subfield>
    <subfield code="d">DEBBG</subfield>
    <subfield code="d">BTCTA</subfield>
    <subfield code="d">BAKER</subfield>
    <subfield code="d">YDXCP</subfield>
    <subfield code="d">CDX</subfield>
    <subfield code="d">BWX</subfield>
    <subfield code="d">MUU</subfield>
    <subfield code="d">WAU</subfield>
    <subfield code="d">VRC</subfield>
    <subfield code="d">OCL</subfield>
    <subfield code="d">DEBSZ</subfield>
    <subfield code="d">OCLCQ</subfield>
    <subfield code="d">UKMGB</subfield>
    <subfield code="d">DLC</subfield>
    <subfield code="d">EG-ScBUE</subfield>
  </datafield>
  <datafield tag="082" ind1="0" ind2="4">
    <subfield code="2">22</subfield>
    <subfield code="a">005.82</subfield>
    <subfield code="b">CRY</subfield>
  </datafield>
  <datafield tag="245" ind1="0" ind2="0">
    <subfield code="a">Cryptographic engineering /</subfield>
    <subfield code="c">editor &#xC7;etin Kaya Ko&#xE7;.</subfield>
  </datafield>
  <datafield tag="260" ind1=" " ind2=" ">
    <subfield code="a">New York :</subfield>
    <subfield code="b">Springer,</subfield>
    <subfield code="c">c.2009.</subfield>
  </datafield>
  <datafield tag="300" ind1=" " ind2=" ">
    <subfield code="a">xxii, 517 p. :</subfield>
    <subfield code="b">ill. ;</subfield>
    <subfield code="c">24 cm.</subfield>
  </datafield>
  <datafield tag="504" ind1=" " ind2=" ">
    <subfield code="a">Includes bibliographical references and index.</subfield>
  </datafield>
  <datafield tag="505" ind1="0" ind2=" ">
    <subfield code="a">About Cryptographic Engineering.- Random Number Generators for Cryptographic Applications.- Evaluation Criteria for Physical Random Number Generators.- True Random Number Generators for Cryptography.- Fast Finite Field Multiplication.- Efficient Unified Arithmetic for Hardware Cryptography.- Spectral Modular Arithmetic for Cryptography.- Elliptic and Hyperelliptic Curve Cryptography.- Instruction Set Extensions for Cryptographic Applications.- FPGA and ASIC Implementations of AES.- Secure and Efficient Implementation of Symmetric Encryption Schemes using FPGAs.- Block Cipher Modes of Operation from a Hardware Implementation Perspective.- Basics of Side-Channel Analysis.- Improved Techniques for Side-Channel Analysis.- Electromagnetic Attacks and Countermeasures.- Leakage from Montgomery Multiplication.- Randomized Exponentiation Algorithms.- Microarchitectural Attacks and Countermeasures.</subfield>
  </datafield>
  <datafield tag="520" ind1="1" ind2=" ">
    <subfield code="a">"Cryptographic Engineering covers the theory and practice of engineering of cryptographic systems, including encryption and decryption engines, digital signature and authentication systems, true random number generators, and the design, implementation, testing, and validation of cryptographic systems. This book also addresses cryptanalysis of security systems for the purpose of checking their robustness and their strength against attacks, and building countermeasures in order to thwart such attacks by reducing their probability of success."--BOOK JACKET.</subfield>
  </datafield>
  <datafield tag="650" ind1=" " ind2="7">
    <subfield code="a">Data encryption (Computer science)</subfield>
    <subfield code="2">BUEsh</subfield>
    <subfield code="9">2635</subfield>
  </datafield>
  <datafield tag="650" ind1=" " ind2="7">
    <subfield code="a">Embedded computer systems </subfield>
    <subfield code="x">Design and construction</subfield>
    <subfield code="2">BUEsh</subfield>
    <subfield code="9">3627</subfield>
  </datafield>
  <datafield tag="650" ind1=" " ind2="7">
    <subfield code="a">Cryptography</subfield>
    <subfield code="2">BUEsh</subfield>
    <subfield code="9">18352</subfield>
  </datafield>
  <datafield tag="651" ind1=" " ind2=" ">
    <subfield code="2">BUEsh</subfield>
  </datafield>
  <datafield tag="653" ind1=" " ind2=" ">
    <subfield code="b">COMSCI</subfield>
    <subfield code="c">January2017</subfield>
  </datafield>
  <datafield tag="700" ind1="1" ind2=" ">
    <subfield code="a">Ko&#xE7;, &#xC7;etin Kaya,</subfield>
    <subfield code="d">1957-</subfield>
    <subfield code="e">editor.</subfield>
  </datafield>
  <datafield tag="942" ind1=" " ind2=" ">
    <subfield code="2">ddc</subfield>
  </datafield>
  <datafield tag="999" ind1=" " ind2=" ">
    <subfield code="c">23835</subfield>
    <subfield code="d">23807</subfield>
  </datafield>
  <datafield tag="952" ind1=" " ind2=" ">
    <subfield code="0">0</subfield>
    <subfield code="1">0</subfield>
    <subfield code="2">ddc</subfield>
    <subfield code="4">0</subfield>
    <subfield code="7">0</subfield>
    <subfield code="8">Scien. H.</subfield>
    <subfield code="a">MAIN</subfield>
    <subfield code="b">MAIN</subfield>
    <subfield code="c">LOW</subfield>
    <subfield code="d">2017-01-04</subfield>
    <subfield code="e">Purchase</subfield>
    <subfield code="g">1150.00</subfield>
    <subfield code="h">2691</subfield>
    <subfield code="l">16</subfield>
    <subfield code="m">32</subfield>
    <subfield code="o">005.82 CRY</subfield>
    <subfield code="p">000040752</subfield>
    <subfield code="r">2025-07-15 00:00:00</subfield>
    <subfield code="s">2019-01-19</subfield>
    <subfield code="v">1437.50</subfield>
    <subfield code="y">BB</subfield>
  </datafield>
</record>
